| 000 | 00527nam a2200193Ia 4500 | ||
|---|---|---|---|
| 005 | 20250326143521.0 | ||
| 008 | 250326s9999 xx 000 0 und d | ||
| 037 | _aTextbook | ||
| 040 |
_aFMSL _beng _cFMSL |
||
| 041 |
_aeng _2eng |
||
| 084 |
_a:f P2 _qFMSL |
||
| 100 |
_aLindlof T R _9748126 |
||
| 245 | 0 |
_aQualitative communication research methods _cLindlof T R; Taylor B C |
|
| 250 | _a2 | ||
| 260 |
_aNew Delhi _bNew Delhi, Sage _c2002 |
||
| 300 | _a356p | ||
| 942 |
_cTB _h:f P2 |
||
| 999 |
_c1299911 _d1299911 |
||